| 000 | 00780cam a2200217 4500 | ||
|---|---|---|---|
| 001 | WB3611-29 | ||
| 008 | 000000n2000 000 0 eng u | ||
| 035 | _a(Sirsi) u104833 | ||
| 245 | _aDisregarding works | ||
| 260 | _c2000 | ||
| 490 |
_aEstates Gazette _v (0010) 11 March 2000, 172(1) |
||
| 520 | _aConsiders the implications of the recent decision in "Durley House Ltd v Viscount Cadogan", which considers whether works carried out by a third party fall to be disregarded when it comes to rent review or lease renewal. | ||
| 590 | _aWB | ||
| 650 | _aDURLEY HOUSE LTD V VISCOUNT CADOGAN | ||
| 650 | _aTENANTS IMPROVEMENTS | ||
| 650 | _aRENT REVIEWS | ||
| 650 | _aLEASE RENEWALS | ||
| 650 | _aDISREGARDS | ||
| 690 | _aLANDLORD AND TENANT-RENT REVIEWS | ||
| 942 | _n0 | ||
| 999 |
_c62887 _d62887 |
||